Participation of women in the small scale industries in Tmilnadu / (Record no. 42725)

MARC details
000 -LEADER
fixed length control field 00770nam a22002057a 4500
005 - DATE AND TIME OF LATEST TRANSACTION
control field 20100820143850.0
010 ## - LCCN (DPL NO)
LC control number ENG-101125
020 ## - INTERNATIONAL STANDARD BOOK NUMBER
Terms of availability 100.00
035 ## - SYSTEM CONTROL NUMBER
System control number EN-84658
037 ## - SOURCE OF ACQUISITION
Source of stock number/acquisition DBAD/PUB
082 ## - DEWEY DECIMAL CLASSIFICATION NUMBER
Classification number 334.088
100 ## - MAIN ENTRY--PERSONAL NAME
Personal name Devi, S. Sri
245 ## - TITLE STATEMENT
Title Participation of women in the small scale industries in Tmilnadu /
Statement of responsibility, etc by S. Sri Devi
260 ## - PUBLICATION, DISTRIBUTION, ETC. (IMPRINT)
Place of publication, distribution, etc Chennai
Name of publisher, distributor, etc Andril Pathippagam
Date of publication, distribution, etc 2008
270 ## - ADDRESS
Address 192, Jagajeevan Ram Salai (Bell Road), Chepauk
City Chennai
Postal code 600005
300 ## - PHYSICAL DESCRIPTION
Extent 120 p.
Dimensions 21cm (pbk)
500 ## - GENERAL NOTE
General note Includes bibliographical references
942 ## - ADDED ENTRY ELEMENTS (KOHA)
Source of classification or shelving scheme Dewey Decimal Classification
Item type English Books
Call number suffix DEV
Classification part 334.088
Holdings
Withdrawn status Lost status Not for loan Collection code Home library Current library Date acquired Cost, normal purchase price Full call number Barcode Copy number Cost, replacement price Koha item type
    Not For Loan Non-fiction D.B.Act.Division D.B.Act.Division 20/08/2010 100.00 334.088 DEV EN-84658 1 100.00 English Books

© Delhi Public Library
Hit Counter
free hit counter